Encyclopedie technologique de l'industrie du caoutchouc
Guardat en:
| Autor principal: | |
|---|---|
| Format: | Llibre |
| Idioma: | Undetermined |
| Publicat: |
Paris
Dunod
1956
|
| Matèries: | |
| Etiquetes: |
Afegir etiqueta
Sense etiquetes, Sigues el primer a etiquetar aquest registre!
|
| Thư viện lưu trữ: | Trung tâm Học liệu Trường Đại học Cần Thơ |
|---|
| LEADER | 00538nam a2200193Ia 4500 | ||
|---|---|---|---|
| 001 | CTU_76691 | ||
| 008 | 210402s9999 xx 000 0 und d | ||
| 082 | |a 678.203 | ||
| 082 | |b G331/Vol.3 | ||
| 100 | |a Genin, G. | ||
| 245 | 0 | |a Encyclopedie technologique de l'industrie du caoutchouc | |
| 245 | 0 | |c G. Genin, B. Morisson | |
| 260 | |a Paris | ||
| 260 | |b Dunod | ||
| 260 | |c 1956 | ||
| 650 | |a Rubber industry and trade | ||
| 650 | |x Encyclopedia | ||
| 904 | |i Mai Loan,Hải | ||
| 980 | |a Trung tâm Học liệu Trường Đại học Cần Thơ | ||